Statistics for Counties of England by Borders - 30 Seconds

Click here to take the quiz!

General Stats

  • This quiz has been taken 704 times
  • The average score is 28 of 47

Answers on the Map

Answers color-coded by a green-red scale on the quiz's map according to % correct below.
 

Answer Stats

County% Correct
Essex
86%
Greater London
85%
Kent
84%
Surrey
84%
Buckinghamshire
79%
Hertfordshire
77%
Lancashire
77%
Cambridgeshire
76%
West Yorkshire
75%
North Yorkshire
73%
Cumbria
72%
Durham
72%
Devon
70%
Dorset
68%
Lincolnshire
68%
South Yorkshire
68%
Cornwall
65%
Somerset
65%
Northamptonshire
64%
Greater Manchester
62%
Leicestershire
62%
Warwickshire
60%
Cheshire
59%
Derbyshire
59%
East Riding of
Yorkshire
59%
Staffordshire
59%
Suffolk
59%
Wiltshire
59%
Gloucestershire
56%
Norfolk
56%
Berkshire
55%
Hampshire
53%
Northumberland
52%
Oxfordshire
52%
Merseyside
50%
Nottinghamshire
50%
Rutland
50%
Worcestershire
50%
East Sussex
46%
Tyne and Wear
45%
Shropshire
40%
West Midlands
38%
West Sussex
38%
Bedfordshire
32%
Herefordshire
30%
City of Bristol
27%
Isle of Wight
20%

Score Distribution

Percentile by Number Answered

Percent of People with Each Score

Your Score History

You have not taken this quiz